Normal view
MARC view
Entry Topical Term
001 - CONTROL NUMBER
- control field: 24604
003 - CONTROL NUMBER IDENTIFIER
- control field: OSt
005 - DATE AND TIME OF LATEST TRANSACTION
- control field: 20230518141833.0
008 - FIXED-LENGTH DATA ELEMENTS
- fixed length control field: 230518|| aca||aabn | a|a d
040 ## - CATALOGING SOURCE
- Original cataloging agency: OSt
- Transcribing agency: OSt
150 ## - HEADING--TOPICAL TERM
- Topical term or geographic name entry element: Detective and mystery stories.
670 ## - SOURCE DATA FOUND
- Source citation: Work cat.: (OSt)26793: Doyle, Arthur Conan 24602, The adventure of the six Napoleons and other cases / , 2019.